zpět

Detail výsledku týmu

Chicago Bar & Grill ÚT, Liberec

Datum a čas kvízu

36 Celkem bodů Celkový počet nahraných bodů na tomto kvízu bez doplňovacích otázek.
6. Pořadí na kvízu Konečné umístění týmu na tomto kvízu.

Zaznamenané odpovědi

# Otázka Odpověď Body Výsledky
1. Jak se jmenuje pirátský poslan... Jakub Michálek 1
2. V neděli 19. listopadu půjde d... Napoleon Bonaparte 1
3. Jedna hvězda akčních filmů zav... Jean-Claude Van Damme 0
4. Ostravský rodák Karel Orlita,... exorcistů (vymítačů ďábla). 0
5. Nejdřív ne, nakonec ano... Kte... Tomáš Čvančara 0
6. Fiktivní věda může být ta, kte... warp 1
7. Od konce 19. století už je pře... éter 1
8. V sci-fi knižní sérii Nadace s... Isaac Asimov 1
9. V seriálu Simpsonovi, konkrétn... frenologie 0
10. Nemůžeme opomenout Járu Cimrma... dvoudílné plavky 1